Sovyet sonrası dönemde Türk dilli halklar dil sorunu yeniden biçimlenen kimlikler (Record no. 9968)
[ view plain ]
| 000 -BAŞLIK | |
|---|---|
| Sabit Uzunlukta Kontrol Alanı | 00965na a2200289 4500 |
| 001 - KONTROL NUMARASI | |
| Denetim Alanı | 23558 |
| 003 - KONTROL NUMARASI IDENTIFIER | |
| Denetim Alanı | MIRAKIL |
| 005 - SON İŞLEM TARİHİ VE ZAMANI | |
| Denetim Alanı | 20181213155303.0 |
| 008 - SABİT-BOY VERİ ELEMANLARI - GENEL BİLGİLER | |
| Sabit Uzunlukta Kontrol Alanı | 180110b tu 000 0 |
| 020 ## - ULUSLARARASI STANDART KİTAP NUMARASI | |
| Uluslararası Standart Kitap Numarası | 9789751624918 |
| 040 ## - KATALOGLAMA KAYNAK | |
| Orijinal Kataloglama Ajansı | Milas |
| Kataloglama Dili | tur |
| Metne Dönüştürmek Ajansı | TR-AnCHP |
| 041 ## - DİL KODU | |
| Metin / Ses Parça Veya Ayrı Başlığın Dil Kodu | tur |
| 082 ## - DEWEY ONLU SINIFLANDIRMA NUMARASI | |
| Sınıflandırma Numarası | 419.99 |
| Ürün Numarası | G26a 2012 |
| 090 ## - SINIFLAMA NUMARASI | |
| Sınıflama Numarası | 419.99 G26a 2012 |
| 100 ## - ANA GİRİŞ - KİŞİSEL İSİM | |
| Kişisel Ad | Garibova, Jale |
| 245 ## - BAŞLIK TABLOSU | |
| Başlık | Sovyet sonrası dönemde Türk dilli halklar dil sorunu yeniden biçimlenen kimlikler |
| Sorumluluk Tablosu, Vb | Jale Garibova; editörler Sema Aslan, Rena Salehova; proje yürütücüsü Süer Eker |
| 260 ## - YAYIN, DAĞITIM, VB | |
| Yayın, Dağıtım, Vb Yeri | Ankara |
| Yayıncı, Dağıtıcı, Vs Adı | Atatürk Kültür Merkezi |
| Yayın, Dağıtım, Vb Tarihi | 2012 |
| 300 ## - FİZİKSEL TANIM | |
| Kapsam | xxxiv, 302 s. |
| Diğer Fiziksel Ayrıntıları | fotğ. |
| Boyutlar | 24 sm. |
| 440 ## - SERİSİ TABLOSU / KATMA GİRİŞİ - BAŞLIK | |
| Başlık | AKDTYK Atatürk Kültür Merkezi yayını |
| Hacim / Ardışık Tanımı | 411 |
| 490 ## - SERİSİ TABLOSU | |
| Seri Beyanı | Araştırma-İnceleme |
| Hacim / Ardışık Tanımı | 87 |
| 504 ## - KAYNAKÇA VB NOT | |
| Kaynakça Vb Notu | Kaynakça ve dizin var. |
| 650 ## - KONU KATMA GİRİŞ - TOPİKAL DÖNEM | |
| Topikal Süreli Veya Coğrafi Ad Giriş Elemanı | Türk dili |
| Genel Alt Bölümü | Toplumsal etkileşim |
| -- | Rus dili |
| 700 ## - KATMA GİRİŞ - KİŞİSEL İSİM | |
| Kişisel Ad | Aslan, Sema |
| 700 ## - KATMA GİRİŞ - KİŞİSEL İSİM | |
| Kişisel Ad | Salehova, Rena |
| 700 ## - KATMA GİRİŞ - KİŞİSEL İSİM | |
| Kişisel Ad | Eker, Suer |
| 942 ## - EKLENDİ GİRİŞ ELEMANLARI (KOHA) | |
| Sınıflandırma Veya Raf Düzeni Kaynak | Dewey Decimal Classification |
| Koha Öğesi Türü | Books |
| 999 ## - SİSTEM KONTROL NUMARALARI (KOHA) | |
| Koha Biblionumber | 9968 |
| Koha Biblioitemnumber | 9968 |
| Kalıcı Konum | Mevcut Konum | Edinme Tarihi | Edinim Kaynak | Toplam Check-Out'Lar | Tam Çağrı Numarası | Barkod | Tarih Son Görülme | İtibaren Geçerli Fiyatlar | Koha Öğesi Türü |
|---|---|---|---|---|---|---|---|---|---|
| CHP Kütüphanesi | CHP Kütüphanesi | 10/31/2017 | Bağış | 419.99 G26a 2012 | 017542 | 10/31/2017 | 10/31/2017 | Books |
